000 00886nam a22002657i 4500
003 DO-SdBNP
005 20230904111213.0
006 a||||gr|||| 00| 0
007 ta
008 230824e1989 dr ||||| |||| 00| p spa d
040 _aDO-SdBNP
_bspa
_cBNPHU
_erda
082 4 _222
_bF468
110 _aRepública Dominicana.
_bComisión Organizadora Permanente de la Feria Nacional del Libro
_984044
245 1 0 _aFiestas patronales de nuestra señora del Rosario :
_bferia municipal del libro, Aurora Tavarez Beliad
246 _aPrograma
264 1 _bMoca, Provincia Espaillat :
_aPresidencia de la República Dominicana,
_c1989
300 _a8 págianas ;
_c21 cm.
336 _2rdacontent
_atexto
_btx
337 _2rdamedia
_asin mediación
_bn
338 _2rdacarrier
_avolumen
_bnc
590 _aInventariado 2023 / DG
700 _93030
_e¿
910 _aDG
942 _2ddc
_cLF2
999 _c54605
_d54605